[Event "Let's Play Chess!"]
[Site "http://www.queenalice.com/game.php?id=1231382"]
[Date "2013.11.10"]
[Round "-"]
[White "Piazzolero"]
[Black "dbsxadrez"]
[Result "0-1"]
[WhiteElo "1614"]
[BlackElo "2179"]

1. e4 d6 2. d3 c5 3. Nc3 Nc6 4. Bf4 g6 5. g3 Bg7 6. Qd2 Nd4 7. O-O-O Be6 8. Be3
Qa5 9. a3 O-O-O 10. a4 Nf6 11. b3 Ng4 12. h3 Nxe3 13. fxe3 Nxb3+ 14. cxb3 Bxc3
15. Qc2 Qb4 16. Ne2 Qa3+ 17. Kb1 Qa1# 0-1

[Event "AUTO-OPEN-3119"]
[Site "http://www.queenalice.com/game.php?id=1231451"]
[Date "2013.11.10"]
[Round "1"]
[White "dbsxadrez"]
[Black "VladimirSpirin"]
[Result "1-0"]
[WhiteElo "2091"]
[BlackElo "2124"]

1. f4 b6 2. b3 Bb7 3. Bb2 e6 4. Nf3 d6 5. e3 Nf6 6. Be2 Nbd7 7. O-O a6 8. d3 g6
9. h3 Bg7 10. Qd2 h6 11. c4 Qe7 12. Nc3 Nh5 13. Kh2 Nhf6 14. b4 O-O-O 15. a4
Rhg8 16. a5 d5 17. cxd5 exd5 18. b5 Nc5 19. bxa6 Nxa6 20. axb6 cxb6 21. Na4 Rd6
22. Rac1+ Kd7 23. Ba3 Qd8 24. Bxd6 Kxd6 25. e4 Nd7 26. exd5 Ndc5 27. Nxc5 bxc5
28. Ne5 Bxd5 29. Bf3 Bxf3 30. Nxf7+ 1-0

[Event "AUTO-OPEN-3119"]
[Site "http://www.queenalice.com/game.php?id=1231452"]
[Date "2013.11.10"]
[Round "1"]
[White "VladimirSpirin"]
[Black "dbsxadrez"]
[Result "0-1"]
[WhiteElo "2124"]
[BlackElo "2136"]

1. b3 e5 2. Bb2 d5 3. g3 Bd6 4. Bg2 Nf6 5. d3 O-O 6. e3 c5 7. Nd2 Nc6 8. h3 Re8
9. Ne2 Be6 10. g4 h6 11. Ng3 Qd7 12. e4 Rad8 13. Qe2 Nd4 14. Bxd4 cxd4 15. exd5
Nxd5 16. Nge4 Bb4 17. a3 Bc3 18. Nxc3 Nxc3 19. Qf3 e4 20. dxe4 Bd5 21. O-O Rxe4
22. Qd3 Ne2+ 23. Kh2 Re3 24. Qf5 Qc7+ 25. f4 Ng3 26. Qxd5 Rxd5 27. Bxd5 Nxf1+
28. Nxf1 Qxf4+ 29. Kg1 Rxh3 30. Bg2 Rc3 31. Re1 Kf8 32. Re4 Qf6 33. Re2 d3 34.
cxd3 Qd4+ 35. Kh2 Rxb3 36. Be4 Rb2 37. Rxb2 Qxb2+ 38. Kg1 b6 0-1

[Event "AUTO-OPEN-3119"]
[Site "http://www.queenalice.com/game.php?id=1231453"]
[Date "2013.11.10"]
[Round "1"]
[White "dbsxadrez"]
[Black "legorille"]
[Result "1-0"]
[WhiteElo "2077"]
[BlackElo "1702"]

1. e4 e5 2. Nf3 d6 3. d4 exd4 4. Nxd4 Nf6 5. Nc3 Be7 6. Bf4 Bd7 7. Bc4 a6 8. O-O
O-O 9. Bb3 Nc6 10. Re1 Re8 11. Qd2 Nxd4 12. Qxd4 c5 13. Qd2 Bc6 14. Rad1 b5 15.
Bd5 Nxd5 16. Nxd5 Bf8 17. Bg5 f6 18. Bf4 Ra7 19. f3 b4 20. Qf2 a5 21. Qg3 Bxd5
22. Rxd5 Rd7 23. Red1 Re6 24. Qh3 g6 25. Qxe6+ Kg7 26. e5 Qe7 27. exf6+ 1-0

[Event "AUTO-OPEN-3119"]
[Site "http://www.queenalice.com/game.php?id=1231454"]
[Date "2013.11.10"]
[Round "1"]
[White "legorille"]
[Black "dbsxadrez"]
[Result "0-1"]
[WhiteElo "1759"]
[BlackElo "2061"]

1. e4 c5 2. Nf3 Nc6 3. d4 cxd4 4. Nxd4 Nf6 5. Nc3 e5 6. Nxc6 bxc6 7. Bg5 Rb8 8.
b3 Bb4 9. Qd3 Qa5 10. Bd2 O-O 11. f3 d5 12. Be2 Rd8 13. O-O dxe4 14. Qe3 Bc5 0-1

[Event "AUTO-OPEN-3119"]
[Site "http://www.queenalice.com/game.php?id=1231455"]
[Date "2013.11.10"]
[Round "1"]
[White "dbsxadrez"]
[Black "Lopesq"]
[Result "1-0"]
[WhiteElo "2080"]
[BlackElo "1778"]

1. Nf3 Nc6 2. e4 e5 3. Bb5 Nd4 4. Nxd4 exd4 5. O-O a6 6. Bc4 Qe7 7. c3 dxc3 8.
Nxc3 d6 9. d4 Bd7 10. Qb3 b5 11. Nd5 Qd8 12. Nxc7+ Qxc7 13. Bxf7+ Kd8 14. Bxg8
Bg4 15. Be6 Bxe6 16. Qxe6 Qe7 17. Qd5 Rb8 18. Bg5 1-0

[Event "AUTO-OPEN-3119"]
[Site "http://www.queenalice.com/game.php?id=1231456"]
[Date "2013.11.10"]
[Round "1"]
[White "Lopesq"]
[Black "dbsxadrez"]
[Result "0-1"]
[WhiteElo "1807"]
[BlackElo "2179"]

1. c4 c5 2. Nc3 Nc6 3. e3 Nf6 4. a3 d5 5. Nf3 e6 6. Qb3 Be7 7. cxd5 exd5 8. d4
cxd4 9. Nxd4 Nxd4 10. exd4 O-O 11. Be2 b6 12. O-O Bb7 13. Bf3 Qd7 14. Be3 Ba6
15. Rfe1 Bc4 16. Qc2 Rac8 17. Qc1 Bd6 18. Qd2 Rfe8 19. h3 b5 20. b4 Qc7 21. Rac1
Qb8 22. Kh1 a5 23. Rb1 axb4 24. axb4 Qb6 25. g3 h6 26. Kg2 Re7 27. Nd1 Rce8 28.
Nc3 Qc7 29. Rb2 Rc8 30. Rc1 Qb8 31. Ra1 Ra7 32. Rxa7 Qxa7 33. Bxh6 gxh6 34. Qxh6
Qxd4 35. Qg5+ Kh8 36. Qh6+ Nh7 37. Nd1 Qf6 38. Qxf6+ Nxf6 39. Ne3 Rc7 40. Nf5
Bf8 41. Nd4 Ra7 42. Nc6 Ra2 43. Rxa2 Bxa2 44. Ne5 Kg7 45. Nd3 Bc4 46. Ne5 Bxb4
47. h4 Bd6 48. Nc6 b4 49. Nd4 Bc5 50. Nf5+ Kf8 51. Nh6 b3 52. Bd1 Ne4 53. f3 Nc3
54. Bxb3 Bxb3 55. Nf5 Bc2 56. Nh6 d4 57. Ng4 d3 58. h5 d2 59. Nf6 d1=Q 60. h6
Bf5 61. g4 Qg1+ 62. Kh3 Qh1+ 63. Kg3 Ne2# 0-1

[Event "AUTO-OPEN-3124"]
[Site "http://www.queenalice.com/game.php?id=1233522"]
[Date "2013.11.19"]
[Round "1"]
[White "APSHOOTER"]
[Black "dbsxadrez"]
[Result "0-1"]
[WhiteElo "1567"]
[BlackElo "2091"]

1. e4 d6 2. d4 Nf6 3. Nc3 g6 4. Nf3 Bg7 5. Bc4 O-O 6. Bg5 c6 7. Qd2 b5 8. Be2 b4
9. Na4 Nxe4 10. Qxb4 Nxg5 11. Nxg5 e5 12. O-O-O Qxg5+ 13. Qd2 Qxd2+ 14. Rxd2 Bh6
15. dxe5 Bxd2+ 16. Kxd2 dxe5 17. Nc5 Nd7 18. Nxd7 Bxd7 19. Kc1 Be6 20. Rd1 Rfd8
21. Rxd8+ Rxd8 0-1

[Event "AUTO-OPEN-3124"]
[Site "http://www.queenalice.com/game.php?id=1233523"]
[Date "2013.11.19"]
[Round "1"]
[White "dbsxadrez"]
[Black "APSHOOTER"]
[Result "1-0"]
[WhiteElo "2130"]
[BlackElo "1541"]

1. e4 d5 2. exd5 Qxd5 3. d4 Nc6 4. Nf3 Bg4 5. Nc3 Bxf3 6. Nxd5 Bxd1 7. Nxc7+ Kd8
8. Nxa8 Bxc2 9. Bf4 e5 10. dxe5 Bb4+ 11. Bd2 Kc8 12. Bxb4 Nxb4 13. Rc1 Kb8 14.
a3 Kxa8 15. axb4 Bf5 16. Bd3 Be6 17. Be4 Ne7 18. Ke2 Rd8 19. Rhd1 Rxd1 20. Rxd1
a6 21. h3 Bc4+ 22. Ke3 Nc6 23. Bxc6 1-0

[Event "AUTO-OPEN-3124"]
[Site "http://www.queenalice.com/game.php?id=1233548"]
[Date "2013.11.19"]
[Round "1"]
[White "marcomasao"]
[Black "dbsxadrez"]
[Result "0-1"]
[WhiteElo "1733"]
[BlackElo "2169"]

1. e4 c5 2. Bc4 Nc6 3. Nf3 e6 4. a3 Nge7 5. Nc3 g6 6. d3 Bg7 7. Bd2 O-O 8. Qe2
Nd4 9. Nxd4 cxd4 10. Na4 a6 11. Ba2 Qc7 12. c4 d6 13. b3 b6 14. Nb2 Bb7 15. h4
f5 16. f3 fxe4 17. fxe4 d5 18. O-O-O dxe4 19. dxe4 Qe5 20. Nd3 Qxe4 21. Rde1
Qxe2 22. Rxe2 Nf5 23. Rh2 Rae8 24. Rh3 e5 25. g4 Nh6 26. g5 Rf1+ 27. Ne1 Nf5 28.
h5 e4 29. hxg6 hxg6 30. a4 e3 31. Bb4 a5 32. Ba3 d3 33. Kd1 dxe2+ 34. Kxe2 Rf2+
35. Kd1 Rxa2 36. Bc1 e2# 0-1

[Event "AUTO-OPEN-3124"]
[Site "http://www.queenalice.com/game.php?id=1233549"]
[Date "2013.11.19"]
[Round "1"]
[White "dbsxadrez"]
[Black "marcomasao"]
[Result "1-0"]
[WhiteElo "2130"]
[BlackElo "1683"]

1. e4 e5 2. Nf3 Nc6 3. Bb5 d6 4. d4 a6 5. Bxc6+ bxc6 6. dxe5 Qe7 7. O-O dxe5 8.
b3 Nf6 9. Bb2 Bd7 10. Nxe5 g6 11. Nxd7 Nxd7 12. Bxh8 f6 13. Qe2 Qf7 14. e5 Qg8
15. Bxf6 Bc5 16. Nd2 h6 17. Rad1 h5 18. Ne4 Bb4 19. Qd3 Qh7 20. Ng5 Nc5 21. Qd8+
Rxd8 22. Rxd8# 1-0

[Event "AUTO-OPEN-3124"]
[Site "http://www.queenalice.com/game.php?id=1233564"]
[Date "2013.11.19"]
[Round "1"]
[White "twiddledeedum"]
[Black "dbsxadrez"]
[Result "0-1"]
[WhiteElo "1792"]
[BlackElo "2168"]

1. e4 c5 2. d4 cxd4 3. Qxd4 Nc6 4. Qd1 Nf6 5. Nc3 d6 6. Bb5 e6 7. Bxc6+ bxc6 8.
e5 dxe5 9. Qxd8+ Kxd8 10. Bg5 Kc7 11. Bxf6 gxf6 12. Nf3 Bb4 13. O-O-O Bxc3 14.
bxc3 Ba6 15. Rd2 Rhd8 16. Rhd1 Rxd2 17. Rxd2 Bc4 18. a3 Rg8 19. Rd1 Rxg2 20. Rd2
Bd5 21. Ne1 Rxh2 22. Kb2 h5 23. Nd3 h4 24. Nb4 h3 25. Nxd5+ exd5 26. a4 Rg2 27.
Rd1 Rxf2 28. Rh1 h2 29. Kb3 f5 0-1

[Event "AUTO-OPEN-3124"]
[Site "http://www.queenalice.com/game.php?id=1233565"]
[Date "2013.11.19"]
[Round "1"]
[White "dbsxadrez"]
[Black "twiddledeedum"]
[Result "1-0"]
[WhiteElo "2130"]
[BlackElo "1809"]

1. e4 e5 2. Nf3 d6 3. d4 exd4 4. Qxd4 h6 5. Nc3 c5 6. Bb5+ Nc6 7. Qd1 Bd7 8. Bf4
Qc7 9. Nd5 Qc8 10. O-O a6 11. Bxc6 Bxc6 12. Nb6 Qg4 13. Nxa8 Qxf4 14. Nc7+ Kd7
15. Nd5 Qxe4 16. Nc3 Qg6 17. Ne5+ 1-0

[Event "AUTO-MASTER-1984"]
[Site "http://www.queenalice.com/game.php?id=1234229"]
[Date "2013.11.21"]
[Round "1"]
[White "dbsxadrez"]
[Black "rpalmero"]
[Result "1-0"]
[WhiteElo "2151"]
[BlackElo "1938"]

1. e4 c5 2. Nf3 e6 3. d4 cxd4 4. Nxd4 a6 5. Nc3 Qc7 6. Be3 Nc6 7. Qd2 Nf6 8. f3
Bd6 9. O-O-O Be5 10. g3 b6 11. f4 Bxd4 12. Bxd4 Nxd4 13. Qxd4 Bb7 14. Bg2 Rc8
15. Rhe1 O-O 16. Re2 d5 17. exd5 exd5 18. Nxd5 Nxd5 19. Bxd5 Rfd8 20. Qe4 Bxd5
21. Rxd5 Rxd5 22. Qe8+ 1-0

[Event "AUTO-MASTER-1984"]
[Site "http://www.queenalice.com/game.php?id=1234230"]
[Date "2013.11.21"]
[Round "1"]
[White "rpalmero"]
[Black "dbsxadrez"]
[Result "0-1"]
[WhiteElo "2007"]
[BlackElo "2169"]

1. c4 c6 2. d4 d5 3. Nc3 Nf6 4. Bf4 e6 5. e3 Nbd7 6. Nf3 Be7 7. c5 Nh5 8. Bg3
Nxg3 9. hxg3 Bf6 10. Bd3 g6 11. a3 e5 12. dxe5 Nxe5 13. Qc2 Nxd3+ 14. Qxd3 Bf5
15. Qd2 Qe7 16. b4 a5 17. Ke2 Bg4 18. Rhb1 d4 19. Na4 dxe3 20. Qxe3 Bxf3+ 21.
gxf3 Bxa1 22. Rxa1 Qxe3+ 23. fxe3 axb4 24. axb4 Ke7 25. Kd3 Ra7 26. Kc3 Rha8 27.
Kb3 h5 28. f4 f6 29. e4 g5 0-1

[Event "AUTO-MASTER-1984"]
[Site "http://www.queenalice.com/game.php?id=1234231"]
[Date "2013.11.21"]
[Round "1"]
[White "dbsxadrez"]
[Black "clovis"]
[Result "0-1"]
[WhiteElo "2162"]
[BlackElo "2062"]

1. e4 e5 2. Nf3 Nc6 3. Bb5 f5 4. Nc3 Nf6 5. exf5 e4 6. Nh4 d5 7. d3 exd3 8. Qxd3
Bd6 9. O-O O-O 10. Bxc6 bxc6 11. Bg5 Bxh2+ 12. Kh1 Bd6 13. Rae1 h6 14. Bxf6 Qxf6
15. g3 Bxf5 16. Nxf5 Qxf5 17. Qxf5 Rxf5 18. Re2 Bxg3 19. Kg2 Be5 20. Na4 Raf8
21. b3 Rg5+ 22. Kh1 Rf4 0-1

[Event "AUTO-MASTER-1984"]
[Site "http://www.queenalice.com/game.php?id=1234232"]
[Date "2013.11.21"]
[Round "1"]
[White "clovis"]
[Black "dbsxadrez"]
[Result "0-1"]
[WhiteElo "2082"]
[BlackElo "2131"]

1. e4 c5 2. Nf3 Nc6 3. Bb5 e6 4. c3 Nge7 5. O-O a6 6. Ba4 b5 7. Bc2 d5 8. exd5
Nxd5 9. d4 cxd4 10. cxd4 Be7 11. Nc3 Bb7 12. Ne5 Nxe5 13. dxe5 Nxc3 14. bxc3
Qxd1 15. Rxd1 Rc8 16. Bb2 Rc7 17. Rd4 Bc5 18. Rd2 Ke7 19. Rad1 Rhc8 20. Kf1 Bb6
21. Ke2 Ba5 22. g3 Bd5 23. Rxd5 exd5 24. Rxd5 Bxc3 25. Bxc3 Rxc3 26. Bxh7 g6 27.
h4 Rh8 0-1

[Event "AUTO-MASTER-1984"]
[Site "http://www.queenalice.com/game.php?id=1234233"]
[Date "2013.11.21"]
[Round "1"]
[White "dbsxadrez"]
[Black "goldenboy"]
[Result "1/2-1/2"]
[WhiteElo "2162"]
[BlackElo "2223"]

1. e4 e5 2. Nf3 Nc6 3. Bb5 Nf6 4. d3 Bc5 5. O-O d6 6. Bg5 Bg4 7. Nbd2 O-O 8. h3
Bh5 9. g4 Bg6 10. Re1 Nd4 11. Bc4 c6 12. Nxd4 Bxd4 13. c3 Bb6 14. Qf3 h6 15.
Bxf6 Qxf6 16. Qxf6 gxf6 17. Kg2 Rad8 18. Rad1 d5 19. Bb3 Rd6 20. f3 Rfd8 21. Nf1
h5 22. Kg3 h4+ 23. Kg2 Kg7 24. c4 Ba5 25. cxd5 Bxe1 26. Rxe1 cxd5 27. Re2 dxe4
28. dxe4 Bh7 29. Kf2 Kf8 30. Ne3 1/2-1/2

[Event "AUTO-MASTER-1984"]
[Site "http://www.queenalice.com/game.php?id=1234234"]
[Date "2013.11.21"]
[Round "1"]
[White "goldenboy"]
[Black "dbsxadrez"]
[Result "1/2-1/2"]
[WhiteElo "2223"]
[BlackElo "2165"]

1. e4 c5 2. Nf3 Nc6 3. Nc3 Nf6 4. e5 Ng4 5. Qe2 d6 6. exd6 e6 7. h3 Nf6 8. d3
Bxd6 9. Bg5 Be7 10. O-O-O Qa5 11. a3 O-O 12. Ne4 Nd4 13. Nxd4 cxd4 14. Bxf6 Bxf6
15. Nxf6+ gxf6 16. Qg4+ Qg5+ 17. f4 Qxg4 18. hxg4 e5 19. f5 Bd7 20. Be2 Rac8 21.
Rh6 Ba4 22. Rd2 Kg7 23. Rh5 Rc7 24. Kb1 Rfc8 25. b3 Bd7 26. Bf3 a5 27. g3 b5 28.
Rdh2 Rh8 29. Be4 b4 1/2-1/2

[Event "AUTO-MASTER-1984"]
[Site "http://www.queenalice.com/game.php?id=1247523"]
[Date "2014.1.12"]
[Round "2"]
[White "dbsxadrez"]
[Black "MIngu"]
[Result "0-1"]
[WhiteElo "2180"]
[BlackElo "2417"]

1. e4 d5 2. exd5 Nf6 3. d4 c6 4. dxc6 Nxc6 5. c3 e5 6. Bb5 Qd5 7. dxe5 Qxb5 8.
exf6 gxf6 9. Qe2+ Qxe2+ 10. Nxe2 Rg8 11. O-O Bg4 12. Ng3 O-O-O 13. Bf4 Ne5 14.
h3 Be6 15. Nd2 Nd3 16. Be3 f5 17. Ne2 Bd5 18. f3 Re8 19. Nf4 Rxe3 20. Nxd5 Re2
0-1

[Event "AUTO-MASTER-1984"]
[Site "http://www.queenalice.com/game.php?id=1247524"]
[Date "2014.1.12"]
[Round "2"]
[White "MIngu"]
[Black "dbsxadrez"]
[Result "1-0"]
[WhiteElo "2420"]
[BlackElo "2175"]

1. d4 d5 2. c4 c6 3. Nf3 e6 4. Nc3 dxc4 5. a4 Bb4 6. e3 b5 7. Bd2 a5 8. axb5
Bxc3 9. Bxc3 cxb5 10. b3 Bb7 11. bxc4 b4 12. Bb2 Nf6 13. Bd3 Nbd7 14. O-O O-O
15. Nd2 e5 16. f3 Re8 17. Rf2 Qc7 18. Qc2 h6 19. c5 Nd5 20. Nc4 Ba6 21. Bh7+ Kf8
22. Nd6 1-0

[Event "AUTO-MASTER-1984"]
[Site "http://www.queenalice.com/game.php?id=1247525"]
[Date "2014.1.12"]
[Round "2"]
[White "dbsxadrez"]
[Black "docb"]
[Result "1-0"]
[WhiteElo "2170"]
[BlackElo "2032"]

1. e4 Nc6 2. Nf3 d6 3. d4 Bg4 4. Be3 Nf6 5. Nc3 e6 6. h3 Bh5 7. d5 exd5 8. exd5
Ne5 9. g4 Nxf3+ 10. Qxf3 Bg6 11. O-O-O a6 12. Bd4 Be7 13. Qe2 O-O 14. f4 h6 15.
f5 Bh7 16. Qf3 Qd7 17. Bg2 Ne8 18. h4 b5 19. Ne4 Qd8 20. Qf2 Nf6 21. Bf3 Nxe4
22. Bxe4 Bf6 23. Rdg1 Bxd4 24. Qxd4 f6 25. g5 fxg5 26. hxg5 hxg5 27. f6 Qxf6 28.
Bxh7+ 1-0

[Event "AUTO-MASTER-1984"]
[Site "http://www.queenalice.com/game.php?id=1247526"]
[Date "2014.1.12"]
[Round "2"]
[White "docb"]
[Black "dbsxadrez"]
[Result "1/2-1/2"]
[WhiteElo "2031"]
[BlackElo "2178"]

1. e4 c5 2. Nc3 Nc6 3. g3 g6 4. Bg2 Bg7 5. f4 d6 6. Nf3 e6 7. O-O Nge7 8. d3 O-O
9. Be3 Nd4 10. e5 Nef5 11. Bf2 Nxf3+ 12. Qxf3 Nd4 13. Qd1 d5 14. Ne2 Nxe2+ 15.
Qxe2 Qc7 16. c3 Rb8 17. Rac1 b5 18. g4 c4 19. d4 b4 20. h4 bxc3 21. bxc3 Qa5 22.
Be1 Qa3 23. Rc2 Bd7 24. Bd2 Ba4 25. Bc1 Qe7 26. Rb2 Qxh4 27. Bf3 Qg3+ 28. Kh1
Qh3+ 29. Kg1 Qg3+ 30. Kh1 1/2-1/2

[Event "Let's Play Chess!"]
[Site "http://www.queenalice.com/game.php?id=1378066"]
[Date "2015.8.18"]
[Round "-"]
[White "dbsxadrez"]
[Black "dnptrs"]
[Result "0-1"]
[WhiteElo "2174"]
[BlackElo "2143"]

1. c4 e5 2. Nc3 Nf6 3. Nf3 d6 4. d3 Be7 5. g3 c5 6. Bg2 Nc6 7. O-O O-O 8. Bg5
Nd4 9. Bxf6 Bxf6 10. e3 Nxf3+ 11. Qxf3 g6 12. Qe2 Bg7 0-1